Statistics for Largest Cities in Guadeloupe🇬🇵

Click here to take the quiz!

General Stats

  • This quiz has been taken 12 times
  • The average score is 7 of 10

Answer Stats

PopulationCity% Correct
30,837Baie Mahault
100%
15,181Pointe-a-Pitre
100%
19,821Capesterre-Belle-Eau
67%
14,891Lamentin
67%
28,698Le Gosier
67%
22,692Le Moule
67%
53,514Les Abymes
67%
22,859Sainte-Anne
67%
20,192Sainte-Rose
67%
24,994Petit-Bourg
56%

Score Distribution

Percentile by Number Answered

Percent of People with Each Score

Your Score History

You have not taken this quiz